Bernini in Francia

Sábháilte in:
Sonraí bibleagrafaíochta
Príomhchruthaitheoir: Chantelou, Cavaliere di (Údar)
Formáid: LEABHAR
Teanga:Iodáilis
Foilsithe / Cruthaithe: Roma Edizioni della Bussola 1946
Sraith:Collana Universale, 8
Ábhair:
Clibeanna: Cuir clib leis
Níl clibeanna ann, Bí ar an gcéad duine le clib a chur leis an taifead seo!

MARC

LEADER 00000cam a2200000 a 4500
001 UCF8798
003 CL-VaPUC
008 131004e19460000it |||||||||||||||||ita|d
082 0 4 |a 735.21  |b CHA  |2 21 
100 0 |a Chantelou, Cavaliere di  |e author  |9 570912 
245 1 0 |a Bernini in Francia 
300 |a 195 p 
942 |c BK 
945 |d 20131004 22:02:00  |a dcastane 
260 |a Roma  |b Edizioni della Bussola  |c 1946 
600 0 7 |a BERNINI, GIAN LORENZO  |2 CL-VaPUC  |9 267545 
650 0 |a Arte barroco  |9 265546 
650 7 |a ESCULTURA BARROCA  |2 CL-VaPUC  |9 267546 
650 0 |a Crítica e interpretación   |9 255042 
583 |a last modification  |c 20131004 22:02:00  |k Rodrigo Vera 
490 0 |a Collana Universale, 8 
999 |c 353330  |d 353328 
952 |0 0  |1 0  |3 erb  |4 0  |6 735_210000000000000_CHA_1946  |7 0  |8 A  |9 458468  |a BIBART  |b BIBART  |d 2019-11-23  |i 5011019  |o 735.21 CHA 1946  |p 5011019  |r 2025-03-13  |w 2019-11-23  |y BK  |z Catalogado en:20131004  |k ART